Farmers get help to cut pollution (Record no. 117527)

MARC details
000 -LEADER
fixed length control field 01148cam a2200229 4500
001 - CONTROL NUMBER
control field WB4023-17
008 - FIXED-LENGTH DATA ELEMENTS--GENERAL INFORMATION
fixed length control field 040616n2004 000 0 eng u
035 ## - SYSTEM CONTROL NUMBER
System control number (Sirsi) u126491
245 ## - TITLE STATEMENT
Title Farmers get help to cut pollution
260 ## - PUBLICATION, DISTRIBUTION, ETC.
Date of publication, distribution, etc. 2004
490 ## - SERIES STATEMENT
Series statement DEFRA News Release
Volume/sequential designation (226/04) 16 June 2004 (2)
520 ## - SUMMARY, ETC.
Summary, etc. DEFRA and the Environment Agency have launched computer software designed to help farmers cut pollution and boost profits by managing their fertiliser use. Launched at Cereals 2004, the PLANET Nutrient Management system is an electronic guide for farmers to make best use of fertilisers while protecting the environment. The system will also help farmers comply with nitrate vulnerable zones. PLANET software will be available free later in 2004: to register and for more information go to htp://www.planet4farmers.co.uk. http://www.defra.gov.uk/news/2004/040616b.htm
590 ## - LOCAL NOTE (RLIN)
Local note WB
590 ## - LOCAL NOTE (RLIN)
Local note WB
650 ## - SUBJECT ADDED ENTRY--TOPICAL TERM
Topical term or geographic name entry element NITRATE VULNERABLE ZONES
650 ## - SUBJECT ADDED ENTRY--TOPICAL TERM
Topical term or geographic name entry element COMPUTER SOFTWARE
650 ## - SUBJECT ADDED ENTRY--TOPICAL TERM
Topical term or geographic name entry element FERTILISERS
650 ## - SUBJECT ADDED ENTRY--TOPICAL TERM
Topical term or geographic name entry element FARM MANAGEMENT
650 ## - SUBJECT ADDED ENTRY--TOPICAL TERM
Topical term or geographic name entry element FARM PROFITS
690 ## - LOCAL SUBJECT ADDED ENTRY--TOPICAL TERM (OCLC, RLIN)
Topical term or geographic name as entry element RURAL-AGRICULTURE AND FORESTRY
942 ## - ADDED ENTRY ELEMENTS (KOHA)
Suppress in OPAC 0
Holdings
Withdrawn status Lost status Source of classification or shelving scheme Damaged status Not for loan Home library Current library Shelving location Date acquired Total Checkouts Full call number Barcode Date last seen Copy number Price effective from Koha item type
    Dewey Decimal Classification     London London News article 16/06/2004   WB4023-17 126491-1001 06/08/2019 1 06/08/2019 News article